000 00399nam a2200193Ia 4500
001 002656
003 YMCAF
005 20230512160151.0
008 100717s9999 ||||||||||||||||| ||und|d
024 _a2656
035 _a2636
040 _aYMCAF
_beng
_cIN-KoLT
041 _aeng
082 _aPHI-PHI
100 _aPHILIPS
245 0 _aPHILIPS MANUAL:PM3231
300 _a86
942 _2ddc
_cBK
999 _c2169
_d2169